000 00658nam a2200265Ia 4500
005 20260121173019.0
008 008 260114s9999 xx 000 0 eng d
020 _a9789811680168
037 _aEBOOK
040 _aCRL
040 _beng
040 _cCRL
041 _2eng
041 _aeng
084 _qCRL
100 _aShaopeng Zhong, Daniel (Jian) Sun
_91095563
245 0 _aLogic-Driven Traffic Big Data Analytics
260 _bSpringer
260 _bSpringer
260 _c2022
856 _uhttps://link.springer.com/openurl?genre=book&isbn=978-981-16-8016-8
942 _cEBOOK
999 _c1661305
_d1661305